[Event "Benidorm Satellite preliminary"]
[Site "playchess.com #007036"]
[Date "2009.10.24"]
[Round "4"]
[White "Kshorg"]
[Black "ACDC"]
[Result "1-0"]
[WhiteElo "1679"]
[BlackElo "1876"]
[PlyCount "63"]
[EventDate "2009.10.24"]
[EventType "swiss (blitz)"]

1. g3 {[%emt 0:00:03]} g6 {[%emt 0:00:01]} 2. Bg2 {[%emt 0:00:14]} Bg7 {[%emt
0:00:01]} 3. d3 {[%emt 0:00:01]} d6 {[%emt 0:00:01]} 4. Nd2 {[%emt 0:00:02]} e5
{[%emt 0:00:02]} 5. e3 {[%emt 0:00:01]} Ne7 {[%emt 0:00:01]} 6. Ne2 {[%emt 0:
00:01]} O-O {[%emt 0:00:01]} 7. O-O {[%emt 0:00:01]} c6 {[%emt 0:00:01]} 8. Rb1
{[%emt 0:00:04]} Be6 {[%emt 0:00:02]} 9. c4 {[%emt 0:00:03]} f5 {[%emt 0:00:01]
} 10. b3 {[%emt 0:00:02]} Nd7 {[%emt 0:00:03]} 11. Bb2 {[%emt 0:00:18]} Nc5 {
[%emt 0:00:01]} 12. Qc2 {[%emt 0:00:05]} Qc7 {[%emt 0:00:04]} 13. d4 {[%emt 0:
00:05]} Nd7 {[%emt 0:00:03]} 14. f4 {[%emt 0:00:07]} Rad8 {[%emt 0:00:08]} 15.
Nf3 {[%emt 0:00:09]} e4 {[%emt 0:00:10]} 16. Ng5 {[%emt 0:00:01]} Bf7 {[%emt 0:
00:04]} 17. Nxf7 {[%emt 0:00:09]} Rxf7 {[%emt 0:00:01]} 18. Nc3 {[%emt 0:00:04]
} Nf6 {[%emt 0:00:15]} 19. h3 {[%emt 0:00:03]} Nh5 {[%emt 0:00:01]} 20. Kh2 {
[%emt 0:00:05]} Kh8 {[%emt 0:00:03]} 21. Rbc1 {[%emt 0:00:04]} h6 {[%emt 0:00:
16]} 22. Qe2 {[%emt 0:00:08]} Kh7 {[%emt 0:00:02]} 23. Rfd1 {[%emt 0:00:09]}
Nf6 {[%emt 0:00:03]} 24. d5 {[%emt 0:00:06]} c5 {[%emt 0:00:02]} 25. Rg1 {
[%emt 0:00:09]} a6 {[%emt 0:00:08]} 26. g4 {[%emt 0:00:05]} Qd7 {[%emt 0:00:06]
} 27. Nd1 {[%emt 0:00:07]} fxg4 {[%emt 0:00:04]} 28. Bxf6 {[%emt 0:00:04]} Bxf6
{[%emt 0:00:01]} 29. hxg4 {[%emt 0:00:01]} Kg7 {[%emt 0:00:06]} 30. Bxe4 {
[%emt 0:00:06]} Rh8 {[%emt 0:00:04]} 31. Nf2 {[%emt 0:00:06]} h5 {[%emt 0:00:
01]} 32. g5 {[%emt 0:00:02] ACDC gibt auf} 1-0

[Event "Benidorm Satellite preliminary"]
[Site "playchess.com #007036"]
[Date "2009.10.24"]
[Round "4"]
[White "Dr-Bassem"]
[Black "Lucchi Lorenzo"]
[Result "1-0"]
[WhiteElo "2849"]
[BlackElo "2165"]
[PlyCount "77"]
[EventDate "2009.10.24"]
[EventType "swiss (blitz)"]

1. e4 {[%emt 0:00:01]} c5 {[%emt 0:00:01]} 2. Nf3 {[%emt 0:00:01]} a6 {[%emt 0:
00:02]} 3. d3 {[%emt 0:00:01]} b5 {[%emt 0:00:07]} 4. g3 {[%emt 0:00:01]} Bb7 {
[%emt 0:00:01]} 5. Bg2 {[%emt 0:00:00]} g6 {[%emt 0:00:01]} 6. O-O {[%emt 0:00:
00]} Bg7 {[%emt 0:00:01]} 7. Re1 {[%emt 0:00:00]} e6 {[%emt 0:00:00]} 8. c3 {
[%emt 0:00:00]} Ne7 {[%emt 0:00:01]} 9. d4 {[%emt 0:00:01]} cxd4 {[%emt 0:00:
01]} 10. cxd4 {[%emt 0:00:00]} O-O {[%emt 0:00:01]} 11. h4 {[%emt 0:00:02]} f5
{[%emt 0:00:02]} 12. e5 {[%emt 0:00:11]} Bxf3 {[%emt 0:00:05]} 13. Bxf3 {[%emt
0:00:04]} Nbc6 {[%emt 0:00:01]} 14. h5 {[%emt 0:00:04]} d5 {[%emt 0:00:01]} 15.
Be3 {[%emt 0:00:21]} Na5 {[%emt 0:00:07]} 16. b3 {[%emt 0:00:02]} Rc8 {[%emt 0:
00:08]} 17. Qd2 {[%emt 0:00:12]} Nac6 {[%emt 0:00:05]} 18. Kg2 {[%emt 0:00:04]}
Qa5 {[%emt 0:00:01]} 19. Nc3 {[%emt 0:00:01]} Nxe5 {[%emt 0:00:11]} 20. Nxd5 {
[%emt 0:00:03]} Qxd2 {[%emt 0:00:11]} 21. Nxe7+ {[%emt 0:00:01]} Kf7 {[%emt 0:
00:01]} 22. Bxd2 {[%emt 0:00:08]} Nxf3 {[%emt 0:00:05]} 23. Kxf3 {[%emt 0:00:
01]} Kxe7 {[%emt 0:00:01]} 24. Bb4+ {[%emt 0:00:01]} Kf7 {[%emt 0:00:04]} 25.
hxg6+ {[%emt 0:00:01]} hxg6 {[%emt 0:00:02]} 26. Bxf8 {[%emt 0:00:00]} Rxf8 {
[%emt 0:00:10]} 27. Rac1 {[%emt 0:00:19]} Bxd4 {[%emt 0:00:11]} 28. Rc7+ {
[%emt 0:00:01]} Kf6 {[%emt 0:00:01]} 29. Rc6 {[%emt 0:00:00]} Be5 {[%emt 0:00:
01]} 30. g4 {[%emt 0:00:05]} fxg4+ {[%emt 0:00:13]} 31. Kxg4 {[%emt 0:00:00]}
a5 {[%emt 0:00:03]} 32. f4 {[%emt 0:00:02]} Bb2 {[%emt 0:00:07]} 33. Rcxe6+ {
[%emt 0:00:14]} Kg7 {[%emt 0:00:06]} 34. Re7+ {[%emt 0:00:01]} Kg8 {[%emt 0:00:
02]} 35. Re8 {[%emt 0:00:01]} a4 {[%emt 0:00:05]} 36. Rxf8+ {[%emt 0:00:03]}
Kxf8 {[%emt 0:00:01]} 37. Re6 {[%emt 0:00:02]} axb3 {[%emt 0:00:04]} 38. axb3 {
[%emt 0:00:01]} Kf7 {[%emt 0:00:01]} 39. Rb6 {[%emt 0:00:01] Lucchi Lorenzo
abbandona} 1-0

[Event "Benidorm Satellite preliminary"]
[Site "playchess.com #007036"]
[Date "2009.10.24"]
[Round "4"]
[White "Baby Animals"]
[Black "Antonovivan"]
[Result "0-1"]
[WhiteElo "1789"]
[BlackElo "1630"]
[PlyCount "102"]
[EventDate "2009.10.24"]
[EventType "swiss (blitz)"]

1. d4 {[%emt 0:00:01]} e6 {[%emt 0:00:02]} 2. Nf3 {[%emt 0:00:01]} b6 {[%emt 0:
00:01]} 3. c4 {[%emt 0:00:01]} Bb7 {[%emt 0:00:01]} 4. Nc3 {[%emt 0:00:02]} f5
{[%emt 0:00:01]} 5. e3 {[%emt 0:00:02]} Nf6 {[%emt 0:00:01]} 6. Bd3 {[%emt 0:
00:01]} Bb4 {[%emt 0:00:01]} 7. Bd2 {[%emt 0:00:01]} O-O {[%emt 0:00:01]} 8. a3
{[%emt 0:00:01]} Bxc3 {[%emt 0:00:01]} 9. bxc3 {[%emt 0:00:00]} Ne4 {[%emt 0:
00:01]} 10. Qe2 {[%emt 0:00:02]} d6 {[%emt 0:00:01]} 11. h4 {[%emt 0:00:02]}
Nd7 {[%emt 0:00:01]} 12. Ng5 {[%emt 0:00:07]} Ndf6 {[%emt 0:00:05]} 13. f4 {
[%emt 0:00:03]} Qe7 {[%emt 0:00:04]} 14. O-O-O {[%emt 0:00:03]} Nxd2 {[%emt 0:
00:05]} 15. Qxd2 {[%emt 0:00:02]} Ne4 {[%emt 0:00:04]} 16. Nxe4 {[%emt 0:00:03]
} Bxe4 {[%emt 0:00:02]} 17. Bxe4 {[%emt 0:00:01]} fxe4 {[%emt 0:00:01]} 18. g4
{[%emt 0:00:02]} d5 {[%emt 0:00:01]} 19. cxd5 {[%emt 0:00:05]} Qxa3+ {[%emt 0:
00:02]} 20. Qb2 {[%emt 0:00:01]} Qxb2+ {[%emt 0:00:01]} 21. Kxb2 {[%emt 0:00:
01]} exd5 {[%emt 0:00:01]} 22. g5 {[%emt 0:00:01]} a5 {[%emt 0:00:03]} 23. Rc1
{[%emt 0:00:04]} a4 {[%emt 0:00:02]} 24. Ka3 {[%emt 0:00:02]} Rfb8 {[%emt 0:00:
08]} 25. c4 {[%emt 0:00:03]} c6 {[%emt 0:00:01]} 26. cxd5 {[%emt 0:00:04]} cxd5
{[%emt 0:00:01]} 27. Rb1 {[%emt 0:00:01]} b5 {[%emt 0:00:02]} 28. Rb4 {[%emt 0:
00:01]} Ra7 {[%emt 0:00:07]} 29. Rhb1 {[%emt 0:00:01]} Rab7 {[%emt 0:00:08]}
30. h5 {[%emt 0:00:02]} Kf7 {[%emt 0:00:01]} 31. Rc1 {[%emt 0:00:03]} g6 {
[%emt 0:00:05]} 32. h6 {[%emt 0:00:03]} Ke6 {[%emt 0:00:16]} 33. Rc5 {[%emt 0:
00:02]} Kd6 {[%emt 0:00:02]} 34. Rc3 {[%emt 0:00:08]} Rc7 {[%emt 0:00:03]} 35.
Kb2 {[%emt 0:00:06]} Rxc3 {[%emt 0:00:03]} 36. Kxc3 {[%emt 0:00:01]} Rc8+ {
[%emt 0:00:01]} 37. Kb2 {[%emt 0:00:01]} Rc4 {[%emt 0:00:03]} 38. Rxb5 {[%emt
0:00:03]} Rc6 {[%emt 0:00:13]} 39. Rb4 {[%emt 0:00:05]} Rc4 {[%emt 0:00:07]}
40. Rb6+ {[%emt 0:00:12]} Kc7 {[%emt 0:00:01]} 41. Ra6 {[%emt 0:00:04]} Kb7 {
[%emt 0:00:02]} 42. Rd6 {[%emt 0:00:03]} a3+ {[%emt 0:00:07]} 43. Kxa3 {[%emt
0:00:02]} Rc3+ {[%emt 0:00:01]} 44. Kb4 {[%emt 0:00:01]} Rxe3 {[%emt 0:00:00]}
45. Rxd5 {[%emt 0:00:01]} Re1 {[%emt 0:00:01]} 46. f5 {[%emt 0:00:06]} e3 {
[%emt 0:00:02]} 47. fxg6 {[%emt 0:00:01]} e2 {[%emt 0:00:01]} 48. Re5 {[%emt 0:
00:07]} hxg6 {[%emt 0:00:07]} 49. Kc4 {[%emt 0:00:05]} Rc1+ {[%emt 0:00:03]}
50. Kd5 {[%emt 0:00:04]} e1=Q {[%emt 0:00:02]} 51. Re2 {[%emt 0:00:02]} Qxe2 {
[%emt 0:00:11] Baby Animals resigns} 0-1

[Event "Benidorm Satellite preliminary"]
[Site "playchess.com #007036"]
[Date "2009.10.24"]
[Round "4"]
[White "Direchess"]
[Black "TheMaster15"]
[Result "0-1"]
[WhiteElo "1942"]
[BlackElo "2333"]
[PlyCount "70"]
[EventDate "2009.10.24"]
[EventType "swiss (blitz)"]

1. e4 {[%emt 0:00:02]} c5 {[%emt 0:00:01]} 2. Nf3 {[%emt 0:00:02]} d6 {[%emt 0:
00:01]} 3. d4 {[%emt 0:00:01]} cxd4 {[%emt 0:00:00]} 4. Qxd4 {[%emt 0:00:00]}
Nc6 {[%emt 0:00:04]} 5. Bb5 {[%emt 0:00:01]} Bd7 {[%emt 0:00:01]} 6. Bxc6 {
[%emt 0:00:00]} Bxc6 {[%emt 0:00:01]} 7. Nc3 {[%emt 0:00:01]} Nf6 {[%emt 0:00:
02]} 8. Bg5 {[%emt 0:00:01]} e6 {[%emt 0:00:01]} 9. O-O-O {[%emt 0:00:01]} Be7
{[%emt 0:00:01]} 10. Rhe1 {[%emt 0:00:01]} Qc7 {[%emt 0:00:02]} 11. Qd2 {[%emt
0:00:01]} O-O {[%emt 0:00:04]} 12. Nd4 {[%emt 0:00:01]} Bd7 {[%emt 0:00:01]}
13. f3 {[%emt 0:00:01]} a6 {[%emt 0:00:02]} 14. Kb1 {[%emt 0:00:01]} b5 {[%emt
0:00:01]} 15. g4 {[%emt 0:00:01]} Rfc8 {[%emt 0:00:06]} 16. Nce2 {[%emt 0:00:
01]} a5 {[%emt 0:00:10]} 17. Ng3 {[%emt 0:00:01]} b4 {[%emt 0:00:12]} 18. Nh5 {
[%emt 0:00:01]} e5 {[%emt 0:00:23]} 19. Nf5 {[%emt 0:00:06]} Bxf5 {[%emt 0:00:
01]} 20. gxf5 {[%emt 0:00:00]} Nxh5 {[%emt 0:00:04]} 21. Rg1 {[%emt 0:00:07]}
f6 {[%emt 0:00:10]} 22. Bh4 {[%emt 0:00:15]} Nf4 {[%emt 0:00:04]} 23. Bg3 {
[%emt 0:01:03]} Qc5 {[%emt 0:00:13]} 24. Bxf4 {[%emt 0:00:11]} exf4 {[%emt 0:
00:01]} 25. Qxf4 {[%emt 0:00:00]} Qxc2+ {[%emt 0:00:01]} 26. Ka1 {[%emt 0:00:
02]} a4 {[%emt 0:00:27]} 27. Rc1 {[%emt 0:00:05]} Qf2 {[%emt 0:00:10]} 28. Rcf1
{[%emt 0:00:03]} Qd4 {[%emt 0:00:05]} 29. Rd1 {[%emt 0:00:05]} Qe5 {[%emt 0:00:
01]} 30. Qg4 {[%emt 0:00:01]} Bf8 {[%emt 0:00:07]} 31. h4 {[%emt 0:00:02]} a3 {
[%emt 0:00:01]} 32. Rg2 {[%emt 0:00:02]} b3 {[%emt 0:00:08]} 33. f4 {[%emt 0:
00:17]} axb2+ {[%emt 0:00:02]} 34. Rxb2 {[%emt 0:00:02]} Rxa2+ {[%emt 0:00:01]}
35. Kb1 {[%emt 0:00:02]} Qxb2# {[%emt 0:00:01]} 0-1

[Event "Benidorm Satellite preliminary"]
[Site "playchess.com #007036"]
[Date "2009.10.24"]
[Round "4"]
[White "Hauberk"]
[Black "Panosjoydome"]
[Result "1-0"]
[WhiteElo "2404"]
[BlackElo "1744"]
[PlyCount "69"]
[EventDate "2009.10.24"]
[EventType "swiss (blitz)"]

1. e4 {[%emt 0:00:01]} c5 {[%emt 0:00:03]} 2. Nc3 {[%emt 0:00:01]} b6 {[%emt 0:
00:03]} 3. Nf3 {[%emt 0:00:08]} Bb7 {[%emt 0:00:01]} 4. d4 {[%emt 0:00:01]}
cxd4 {[%emt 0:00:03]} 5. Nxd4 {[%emt 0:00:01]} e6 {[%emt 0:00:00]} 6. Bf4 {
[%emt 0:00:04]} Nc6 {[%emt 0:00:01]} 7. Ndb5 {[%emt 0:00:02]} Rc8 {[%emt 0:00:
05]} 8. Qd2 {[%emt 0:00:21]} Nf6 {[%emt 0:00:13]} 9. Nd6+ {[%emt 0:00:17]} Bxd6
{[%emt 0:00:02]} 10. Bxd6 {[%emt 0:00:00]} Ne7 {[%emt 0:00:18]} 11. e5 {[%emt
0:00:12]} Nfd5 {[%emt 0:00:03]} 12. Ne4 {[%emt 0:00:23]} O-O {[%emt 0:00:06]}
13. c4 {[%emt 0:00:04]} Nc7 {[%emt 0:00:08]} 14. Bd3 {[%emt 0:00:14]} Re8 {
[%emt 0:00:03]} 15. Ng5 {[%emt 0:00:31]} h6 {[%emt 0:00:07]} 16. Ne4 {[%emt 0:
00:19]} Na6 {[%emt 0:00:13]} 17. b3 {[%emt 0:00:07]} Bxe4 {[%emt 0:00:04]} 18.
Bxe4 {[%emt 0:00:01]} Nc5 {[%emt 0:00:01]} 19. Bc2 {[%emt 0:00:02]} Rc6 {[%emt
0:00:03]} 20. O-O {[%emt 0:00:02]} Nc8 {[%emt 0:00:02]} 21. f4 {[%emt 0:00:10]}
Nxd6 {[%emt 0:00:04]} 22. exd6 {[%emt 0:00:01]} Nb7 {[%emt 0:00:04]} 23. Qd3 {
[%emt 0:00:06]} g6 {[%emt 0:00:07]} 24. Qh3 {[%emt 0:00:05]} Kg7 {[%emt 0:00:
08]} 25. Be4 {[%emt 0:00:02]} Nxd6 {[%emt 0:00:05]} 26. Bxc6 {[%emt 0:00:01]}
dxc6 {[%emt 0:00:01]} 27. Rad1 {[%emt 0:00:02]} Qc7 {[%emt 0:00:01]} 28. Qc3+ {
[%emt 0:00:01]} Kh7 {[%emt 0:00:04]} 29. Qe5 {[%emt 0:00:02]} Rd8 {[%emt 0:00:
07]} 30. Rd3 {[%emt 0:00:12]} b5 {[%emt 0:00:02]} 31. Rfd1 {[%emt 0:00:04]}
Qb6+ {[%emt 0:00:01]} 32. c5 {[%emt 0:00:03]} Nc4 {[%emt 0:00:04]} 33. cxb6 {
[%emt 0:00:06]} Nxe5 {[%emt 0:00:02]} 34. Rxd8 {[%emt 0:00:02]} axb6 {[%emt 0:
00:04]} 35. fxe5 {[%emt 0:00:01] Panosjoydome resigns} 1-0

[Event "Benidorm Satellite preliminary"]
[Site "playchess.com #007036"]
[Date "2009.10.24"]
[Round "4"]
[White "Master--Sim"]
[Black "Althusius"]
[Result "1-0"]
[WhiteElo "1955"]
[BlackElo "1708"]
[PlyCount "53"]
[EventDate "2009.10.24"]
[EventType "swiss (blitz)"]

1. d4 {[%emt 0:00:04]} d5 {[%emt 0:00:05]} 2. Nf3 {[%emt 0:00:01]} Nf6 {[%emt
0:00:02]} 3. Bf4 {[%emt 0:00:05]} e6 {[%emt 0:00:01]} 4. e3 {[%emt 0:00:01]}
Bd6 {[%emt 0:00:01]} 5. Bg3 {[%emt 0:00:02]} O-O {[%emt 0:00:05]} 6. Bd3 {
[%emt 0:00:03]} c5 {[%emt 0:00:10]} 7. c3 {[%emt 0:00:04]} b6 {[%emt 0:00:16]}
8. Ne5 {[%emt 0:00:02]} Qc7 {[%emt 0:00:06]} 9. f4 {[%emt 0:00:02]} Bb7 {[%emt
0:00:02]} 10. Nd2 {[%emt 0:00:01]} Nfd7 {[%emt 0:00:38]} 11. Ndf3 {[%emt 0:00:
11]} f6 {[%emt 0:00:05]} 12. Nxd7 {[%emt 0:00:06]} Nxd7 {[%emt 0:00:03]} 13.
O-O {[%emt 0:00:04]} e5 {[%emt 0:00:11]} 14. fxe5 {[%emt 0:00:02]} fxe5 {[%emt
0:00:01]} 15. dxe5 {[%emt 0:00:02]} Nxe5 {[%emt 0:00:02]} 16. Nxe5 {[%emt 0:00:
02]} Bxe5 {[%emt 0:00:01]} 17. Bf4 {[%emt 0:00:09]} Bxf4 {[%emt 0:00:05]} 18.
exf4 {[%emt 0:00:07]} Rxf4 {[%emt 0:00:01]} 19. Qh5 {[%emt 0:00:05]} Re4 {
[%emt 0:00:56]} 20. Rf3 {[%emt 0:00:17]} Rae8 {[%emt 0:00:06]} 21. Raf1 {[%emt
0:00:05]} g6 {[%emt 0:00:11]} 22. Qh6 {[%emt 0:00:06]} Qe7 {[%emt 0:00:14]} 23.
h4 {[%emt 0:00:12]} Re1 {[%emt 0:00:01]} 24. Bxg6 {[%emt 0:00:20]} Rxf1+ {
[%emt 0:00:01]} 25. Rxf1 {[%emt 0:00:06]} hxg6 {[%emt 0:00:03]} 26. Qxg6+ {
[%emt 0:00:03]} Qg7 {[%emt 0:00:01]} 27. Qxe8+ {[%emt 0:00:02] Althusius
resigns} 1-0

[Event "Benidorm Satellite preliminary"]
[Site "playchess.com #007036"]
[Date "2009.10.24"]
[Round "4"]
[White "Florin_banu"]
[Black "FlorianKull"]
[Result "0-1"]
[WhiteElo "1720"]
[BlackElo "2024"]
[PlyCount "58"]
[EventDate "2009.10.24"]
[EventType "swiss (blitz)"]

1. e4 {[%emt 0:00:02]} e5 {[%emt 0:00:02]} 2. Nf3 {[%emt 0:00:01]} Nf6 {[%emt
0:00:01]} 3. Nxe5 {[%emt 0:00:02]} d6 {[%emt 0:00:01]} 4. Nxf7 {[%emt 0:00:02]}
Kxf7 {[%emt 0:00:02]} 5. Nc3 {[%emt 0:00:02]} Be6 {[%emt 0:00:08]} 6. d4 {
[%emt 0:00:02]} c5 {[%emt 0:00:02]} 7. d5 {[%emt 0:00:01]} Bd7 {[%emt 0:00:02]}
8. Bg5 {[%emt 0:00:08]} Be7 {[%emt 0:00:02]} 9. Bd3 {[%emt 0:00:04]} Rf8 {
[%emt 0:00:06]} 10. f3 {[%emt 0:00:01]} Kg8 {[%emt 0:00:02]} 11. O-O {[%emt 0:
00:02]} a6 {[%emt 0:00:02]} 12. a4 {[%emt 0:00:02]} Qe8 {[%emt 0:00:04]} 13.
Bh4 {[%emt 0:00:11]} Qh5 {[%emt 0:00:03]} 14. Bg3 {[%emt 0:00:02]} Be8 {[%emt
0:00:09]} 15. Ne2 {[%emt 0:00:08]} Bd7 {[%emt 0:00:29]} 16. Nf4 {[%emt 0:00:04]
} Qf7 {[%emt 0:00:01]} 17. c4 {[%emt 0:00:04]} Nh5 {[%emt 0:00:02]} 18. Nxh5 {
[%emt 0:00:07]} Qxh5 {[%emt 0:00:01]} 19. Qb3 {[%emt 0:00:05]} Bc8 {[%emt 0:00:
04]} 20. Qb6 {[%emt 0:00:10]} Nd7 {[%emt 0:00:03]} 21. Qc7 {[%emt 0:00:12]} Ne5
{[%emt 0:00:03]} 22. Bxe5 {[%emt 0:00:05]} Qxe5 {[%emt 0:00:02]} 23. Rfd1 {
[%emt 0:00:32]} Bh4 {[%emt 0:00:10]} 24. Qb6 {[%emt 0:00:11]} Bd7 {[%emt 0:01:
06]} 25. Qb3 {[%emt 0:00:05]} Qg5 {[%emt 0:00:08]} 26. Qxb7 {[%emt 0:00:14]}
Bh3 {[%emt 0:00:03]} 27. Bf1 {[%emt 0:00:03]} Rab8 {[%emt 0:00:06]} 28. Qc7 {
[%emt 0:00:17]} Bxg2 {[%emt 0:00:08]} 29. Bxg2 {[%emt 0:00:03]} Rxb2 {[%emt 0:
00:03] Florin_banu resigns} 0-1

[Event "Benidorm Satellite preliminary"]
[Site "playchess.com #007036"]
[Date "2009.10.24"]
[Round "4"]
[White "-st!er-"]
[Black "Hophip"]
[Result "1-0"]
[WhiteElo "2820"]
[BlackElo "2629"]
[PlyCount "73"]
[EventDate "2009.10.24"]
[EventType "swiss (blitz)"]

1. d4 {[%emt 0:00:02]} Nf6 {[%emt 0:00:01]} 2. c4 {[%emt 0:00:01]} e6 {[%emt 0:
00:00]} 3. Nf3 {[%emt 0:00:02]} b6 {[%emt 0:00:01]} 4. g3 {[%emt 0:00:01]} Ba6
{[%emt 0:00:03]} 5. Qc2 {[%emt 0:00:01]} c5 {[%emt 0:00:02]} 6. d5 {[%emt 0:00:
02]} exd5 {[%emt 0:00:02]} 7. cxd5 {[%emt 0:00:00]} Bb7 {[%emt 0:00:01]} 8. Bg2
{[%emt 0:00:01]} Nxd5 {[%emt 0:00:02]} 9. O-O {[%emt 0:00:00]} Be7 {[%emt 0:00:
02]} 10. Rd1 {[%emt 0:00:02]} Nf6 {[%emt 0:00:02]} 11. Nc3 {[%emt 0:00:08]} d5
{[%emt 0:00:12]} 12. e4 {[%emt 0:00:03]} d4 {[%emt 0:00:01]} 13. e5 {[%emt 0:
00:01]} Nd5 {[%emt 0:00:07]} 14. Ne4 {[%emt 0:00:01]} O-O {[%emt 0:00:11]} 15.
a3 {[%emt 0:00:01]} Nd7 {[%emt 0:00:13]} 16. Bg5 {[%emt 0:00:12]} Re8 {[%emt 0:
00:04]} 17. Nd6 {[%emt 0:00:03]} Bxg5 {[%emt 0:00:01]} 18. Nxb7 {[%emt 0:00:04]
} Qe7 {[%emt 0:00:35]} 19. Nd6 {[%emt 0:00:22]} Nxe5 {[%emt 0:00:17]} 20. Nxe8
{[%emt 0:00:02]} Rxe8 {[%emt 0:00:03]} 21. Nxg5 {[%emt 0:00:01]} Qxg5 {[%emt 0:
00:30]} 22. Bxd5 {[%emt 0:00:02]} d3 {[%emt 0:00:33]} 23. Qa4 {[%emt 0:00:11]}
Rd8 {[%emt 0:00:13]} 24. Bg2 {[%emt 0:00:02]} b5 {[%emt 0:00:06]} 25. Qxb5 {
[%emt 0:00:03]} c4 {[%emt 0:00:01]} 26. Qa6 {[%emt 0:00:09]} Qf5 {[%emt 0:00:
12]} 27. Qxa7 {[%emt 0:00:06]} h5 {[%emt 0:00:01]} 28. a4 {[%emt 0:00:02]} d2 {
[%emt 0:00:02]} 29. a5 {[%emt 0:00:03]} Qc2 {[%emt 0:00:05]} 30. Qb6 {[%emt 0:
00:04]} Re8 {[%emt 0:00:08]} 31. Qb5 {[%emt 0:00:01]} Re6 {[%emt 0:00:05]} 32.
Qa4 {[%emt 0:00:02]} Qxb2 {[%emt 0:00:02]} 33. Ra2 {[%emt 0:00:03]} Qc1 {[%emt
0:00:04]} 34. Raxd2 {[%emt 0:00:03]} Nf3+ {[%emt 0:00:02]} 35. Bxf3 {[%emt 0:
00:02]} Re1+ {[%emt 0:00:00]} 36. Kg2 {[%emt 0:00:01]} Rxd1 {[%emt 0:00:02]}
37. Rxd1 {[%emt 0:00:01] Time} 1-0

[Event "Benidorm Satellite preliminary"]
[Site "playchess.com #007036"]
[Date "2009.10.24"]
[Round "4"]
[White "huseyinist"]
[Black "Öschi"]
[Result "1/2-1/2"]
[WhiteElo "1424"]
[BlackElo "1779"]
[PlyCount "101"]
[EventDate "2009.10.24"]
[EventType "swiss (blitz)"]

1. e4 {[%emt 0:00:01]} c6 {[%emt 0:00:01]} 2. d4 {[%emt 0:00:02]} d5 {[%emt 0:
00:01]} 3. Nc3 {[%emt 0:00:05]} dxe4 {[%emt 0:00:01]} 4. Nxe4 {[%emt 0:00:00]}
Nd7 {[%emt 0:00:01]} 5. h4 {[%emt 0:00:03]} Ngf6 {[%emt 0:00:07]} 6. Bd3 {
[%emt 0:00:10]} Nxe4 {[%emt 0:00:01]} 7. Bxe4 {[%emt 0:00:01]} Nf6 {[%emt 0:00:
00]} 8. Bf3 {[%emt 0:00:06]} Bf5 {[%emt 0:00:01]} 9. Bf4 {[%emt 0:00:08]} e6 {
[%emt 0:00:04]} 10. Ne2 {[%emt 0:00:03]} Bd6 {[%emt 0:00:02]} 11. Be5 {[%emt 0:
00:07]} Bxe5 {[%emt 0:00:01]} 12. dxe5 {[%emt 0:00:01]} Nd5 {[%emt 0:00:06]}
13. g4 {[%emt 0:00:08]} Qa5+ {[%emt 0:00:13]} 14. c3 {[%emt 0:00:14]} O-O-O {
[%emt 0:00:39]} 15. gxf5 {[%emt 0:00:09]} Nxc3 {[%emt 0:00:01]} 16. Qc2 {[%emt
0:00:22]} Nxe2+ {[%emt 0:00:01]} 17. Kxe2 {[%emt 0:00:02]} Qxe5+ {[%emt 0:00:
01]} 18. Kf1 {[%emt 0:00:11]} Qf4 {[%emt 0:00:08]} 19. Qe4 {[%emt 0:00:17]}
Qxf5 {[%emt 0:00:09]} 20. Qxf5 {[%emt 0:00:02]} exf5 {[%emt 0:00:00]} 21. Rd1 {
[%emt 0:00:06]} Rxd1+ {[%emt 0:00:01]} 22. Bxd1 {[%emt 0:00:01]} Rd8 {[%emt 0:
00:00]} 23. Ke2 {[%emt 0:00:02]} Rd4 {[%emt 0:00:04]} 24. Ke3 {[%emt 0:00:07]}
Re4+ {[%emt 0:00:01]} 25. Kd3 {[%emt 0:00:10]} c5 {[%emt 0:00:03]} 26. f3 {
[%emt 0:00:02]} Rd4+ {[%emt 0:00:01]} 27. Kc3 {[%emt 0:00:02]} b5 {[%emt 0:00:
02]} 28. a3 {[%emt 0:00:03]} a5 {[%emt 0:00:01]} 29. Be2 {[%emt 0:00:06]} b4+ {
[%emt 0:00:01]} 30. axb4 {[%emt 0:00:01]} cxb4+ {[%emt 0:00:03]} 31. Kc2 {
[%emt 0:00:03]} a4 {[%emt 0:00:05]} 32. h5 {[%emt 0:00:15]} Kd7 {[%emt 0:00:20]
} 33. Rd1 {[%emt 0:00:02]} Rxd1 {[%emt 0:00:02]} 34. Kxd1 {[%emt 0:00:01]} Ke6
{[%emt 0:00:01]} 35. Kd2 {[%emt 0:00:05]} Kf6 {[%emt 0:00:01]} 36. f4 {[%emt 0:
00:02]} g6 {[%emt 0:00:01]} 37. hxg6 {[%emt 0:00:01]} fxg6 {[%emt 0:00:01]} 38.
Kd3 {[%emt 0:00:00]} g5 {[%emt 0:00:01]} 39. fxg5+ {[%emt 0:00:02]} Kxg5 {
[%emt 0:00:00]} 40. Kc4 {[%emt 0:00:01]} a3 {[%emt 0:00:01]} 41. Kb3 {[%emt 0:
00:11]} axb2 {[%emt 0:00:01]} 42. Kxb2 {[%emt 0:00:01]} h5 {[%emt 0:00:02]} 43.
Kb3 {[%emt 0:00:01]} h4 {[%emt 0:00:01]} 44. Kxb4 {[%emt 0:00:02]} Kf4 {[%emt
0:00:00]} 45. Bf1 {[%emt 0:00:03]} Kg3 {[%emt 0:00:00]} 46. Kc3 {[%emt 0:00:01]
} f4 {[%emt 0:00:01]} 47. Kd3 {[%emt 0:00:01]} f3 {[%emt 0:00:00]} 48. Ke3 {
[%emt 0:00:02]} f2 {[%emt 0:00:03]} 49. Ke2 {[%emt 0:00:02]} h3 {[%emt 0:00:05]
} 50. Bxh3 {[%emt 0:00:02]} Kxh3 {[%emt 0:00:00]} 51. Kxf2 {[%emt 0:00:01]}
1/2-1/2

[Event "Benidorm Satellite preliminary"]
[Site "playchess.com #007036"]
[Date "2009.10.24"]
[Round "4"]
[White "Xankov"]
[Black "SteinerKarl"]
[Result "0-1"]
[WhiteElo "1830"]
[BlackElo "1645"]
[PlyCount "60"]
[EventDate "2009.10.24"]
[EventType "swiss (blitz)"]

1. c4 {[%emt 0:00:02]} Nf6 {[%emt 0:00:03]} 2. g3 {[%emt 0:00:01]} g6 {[%emt 0:
00:02]} 3. Bg2 {[%emt 0:00:01]} Bg7 {[%emt 0:00:01]} 4. Nc3 {[%emt 0:00:01]}
O-O {[%emt 0:00:02]} 5. e4 {[%emt 0:00:01]} e5 {[%emt 0:00:04]} 6. Nge2 {[%emt
0:00:01]} c6 {[%emt 0:00:08]} 7. O-O {[%emt 0:00:02]} Na6 {[%emt 0:00:02]} 8.
a3 {[%emt 0:00:05]} Nc7 {[%emt 0:00:05]} 9. d3 {[%emt 0:00:06]} d5 {[%emt 0:00:
06]} 10. Bg5 {[%emt 0:00:15]} d4 {[%emt 0:00:10]} 11. Na4 {[%emt 0:00:14]} Ne6
{[%emt 0:00:06]} 12. Bd2 {[%emt 0:00:09]} b5 {[%emt 0:00:16]} 13. cxb5 {[%emt
0:00:06]} cxb5 {[%emt 0:00:02]} 14. Bb4 {[%emt 0:00:05]} bxa4 {[%emt 0:00:09]}
15. Bxf8 {[%emt 0:00:02]} Bxf8 {[%emt 0:00:13]} 16. Qxa4 {[%emt 0:00:01]} Qb6 {
[%emt 0:00:11]} 17. b4 {[%emt 0:00:03]} Bd7 {[%emt 0:00:06]} 18. Qc2 {[%emt 0:
00:19]} Rc8 {[%emt 0:00:03]} 19. Qd2 {[%emt 0:00:01]} Bg7 {[%emt 0:00:20]} 20.
Rfc1 {[%emt 0:00:02]} Rxc1+ {[%emt 0:00:15]} 21. Rxc1 {[%emt 0:00:02]} Qa6 {
[%emt 0:00:09]} 22. Ra1 {[%emt 0:00:18]} Bb5 {[%emt 0:00:07]} 23. Nc1 {[%emt 0:
00:04]} Bf8 {[%emt 0:00:14]} 24. Bf1 {[%emt 0:00:06]} Nd7 {[%emt 0:00:15]} 25.
Be2 {[%emt 0:00:10]} Nb6 {[%emt 0:00:05]} 26. Bd1 {[%emt 0:00:05]} Na4 {[%emt
0:00:06]} 27. Bxa4 {[%emt 0:00:04]} Qxa4 {[%emt 0:00:05]} 28. Qb2 {[%emt 0:00:
08]} Qd1+ {[%emt 0:00:05]} 29. Kg2 {[%emt 0:00:03]} Ng5 {[%emt 0:00:06]} 30.
Qc2 {[%emt 0:00:07]} Qxc2 {[%emt 0:00:06] Xankov abbandona} 0-1